Alois Rašín Velký finanční manažer
Biografia znamenitého českého národohospodára Aloisa Rašína. Liberálny postoj A. Rašína k riešeniu kľúčových ekonomických otázok. Súkromné vlastníctvo - platforma úspešného hospodárskeho rozvoja krajiny.Zdravá mena a vyvážený štátny rozpočet ako základné faktory moderného a dobre fungujúceho hospodá...
Uložené v:
| Hlavný autor: | |
|---|---|
| Médium: | Kapitola |
| Jazyk: | Czech |
| Predmet: | |
| Tagy: |
Žiadne tagy, Buďte prvý, kto otaguje tento záznam!
|
MARC
| LEADER | 00000naa$a2200000$$$4500 | ||
|---|---|---|---|
| 001 | 0020240 | ||
| 005 | 20231018124111.3 | ||
| 041 | 0 | |a cze | |
| 044 | |a CZ | ||
| 245 | 1 | 0 | |a Alois Rašín Velký finanční manažer |c Ivan Brož |
| 520 | |a Biografia znamenitého českého národohospodára Aloisa Rašína. Liberálny postoj A. Rašína k riešeniu kľúčových ekonomických otázok. Súkromné vlastníctvo - platforma úspešného hospodárskeho rozvoja krajiny.Zdravá mena a vyvážený štátny rozpočet ako základné faktory moderného a dobre fungujúceho hospodárstva.A. Rašín vo funkcii ministra financií a jeho presadzovanie politiky deflácie v Československu. | ||
| 610 | 2 | 0 | |a politika podnikania |
| 610 | 2 | 0 | |a politika menová |
| 610 | 2 | 0 | |a investície finančné |
| 610 | 2 | 0 | |a plán finančný |
| 610 | 2 | 0 | |a manažéri |
| 610 | 2 | 0 | |a Česko |
| 610 | 2 | 0 | |a životopisy |
| 610 | 2 | 0 | |a Rašín, A. |
| 100 | 1 | |a Brož, Ivan | |